000 00285nam a22001337a 4500
008 180911b xxu||||| |||| 00| 0 eng d
020 _a9780738045399
041 _aeng
080 _a330
100 _a58
101 _aBIS
245 _aBusiness Writing
_cKirkman.D
942 _2udc
_cBK
999 _c47658
_d47658